Pricing and Infrastructure Costing for Supply and Distribution of CNG and ULSD to the Transport Sector in Mumbai / (Record no. 2077)

000 -LEADER
fixed length control field 00368 a2200085 4500
082 ## - DEWEY DECIMAL CLASSIFICATION NUMBER
Classification number 333.79 TER
245 ## - TITLE STATEMENT
Title Pricing and Infrastructure Costing for Supply and Distribution of CNG and ULSD to the Transport Sector in Mumbai /
Statement of responsibility, etc. Tata Energy Research Institute
260 ## - PUBLICATION, DISTRIBUTION, ETC.
Place of publication, distribution, etc. New Delhi :
Name of publisher, distributor, etc. Tata Energy Research Institute,
Date of publication, distribution, etc. 2002
300 ## - PHYSICAL DESCRIPTION
Extent xvi, 107p. :
Other physical details ill. ;
Dimensions 30 cm
650 ## - SUBJECT ADDED ENTRY--TOPICAL TERM
Topical term or geographic name entry element Energy -- Infrastructure
Holdings
Withdrawn status Lost status Damaged status Not for loan Permanent Location Current Location Shelving location Date acquired Total Checkouts Full call number Barcode Date last seen Price effective from Koha item type
        School of Civil and Environmental Engineering (SCEE) School of Civil and Environmental Engineering (SCEE)       333.79 TER NIT-3331 01/05/2017 01/05/2017 Book
© 2023 Central Library, National University of Sciences and Technology. All Rights Reserved.